000 00234nam a22000857a 4500
008 160808b xxu||||| |||| 00| 0 eng d
100 _962
_aChaturvedi R
245 _aSocial Science-IX
260 _aNew Delhi
_bGoyal Brother's Publication
_c2010
999 _c2714
_d2714